000
00274nam a2200109Ia 4500
008
220204s9999 xx 000 0 und d
082
_a
82-3
_b
BLY
100
_a
Enid
245
0
_a
Enid Blyton's emerald story book
260
_a
London
_b
Hodder and Stoughton
_c
1980
942
_c
BK
999
_c
37713
_d
37713